[Event "Krumbach op"]
[Site "Krumbach"]
[Date "1991.??.??"]
[Round "4"]
[White "Glek, Igor V"]
[Black "Chachere, Lawrence"]
[Result "1/2-1/2"]
[WhiteElo "2540"]
[BlackElo "2270"]

1.e4 c5 2.Nf3 d6 3.d4 Nf6 4.Nc3 cxd4 5.Nxd4 a6 6.Be3 e6 7.a4 Nc6 8.Be2 Be7
9.O-O O-O 10.f4 Qc7 11.Kh1 Re8 12.Bg1 Bd7 13.Nb3 b6 14.Bf3 Rab8 15.Qe2 Bc8
16.e5 Nd7 17.exd6 Bxd6 18.Nd5 Qd8 19.Ne3 Qc7 20.Rad1 Bf8 21.h3 Nf6 22.Bh2 Bb7
23.f5 e5 24.c4 Nb4 25.Ng4 Nxg4 26.hxg4 Bxf3 27.Rxf3 Rbd8 28.Rdf1 Qd7 29.g5 Nd3
30.Qe4 Bc5 31.Nxc5 Nxc5 32.Qh4 Qd4 33.Qh5 Qxc4 34.Bg1 Rd3 35.g6 h6 36.b3 Rxb3
37.Bxc5 Rxf3 38.Rxf3 bxc5 39.Rc3 fxg6 40.Qxg6 Qf7 41.Rxc5  1/2-1/2

[Event "Wch U20"]
[Site "Mamaia"]
[Date "1991.??.??"]
[Round "?"]
[White "Degraeve, Jean Marc"]
[Black "Istratescu, Andrei"]
[Result "1-0"]
[WhiteElo "2450"]
[BlackElo "2420"]

1.e4 c5 2.Nf3 d6 3.d4 cxd4 4.Nxd4 Nf6 5.Nc3 a6 6.Be3 e5 7.Nf3 Qc7 8.a4 h6
9.a5 Be7 10.Be2 O-O 11.O-O Be6 12.Nd5 Nxd5 13.exd5 Bf5 14.c4 Nd7 15.b4 Bg6
16.Nd2 Bg5 17.Qb3 Bxe3 18.Qxe3 Rab8 19.Rfc1 b6 20.axb6 Qxb6 21.Ra4 Qxe3 22.fxe3 Rb6
23.Nb3 Rfb8 24.c5 Rxb4 25.Rxb4 Rxb4 26.c6 Nb6 27.Na5 Rb1 28.Rxb1 Bxb1 29.c7 Bf5
30.Bxa6 Kf8 31.e4 Bc8 32.Nc4 Nxd5 33.Bxc8  1-0

[Event "Mexico City"]
[Site "Mexico"]
[Date "1991.??.??"]
[Round "8"]
[White "Sisniega, Marcel"]
[Black "Vera, Reynaldo"]
[Result "1-0"]
[WhiteElo "2530"]
[BlackElo "2465"]

1.e4 c5 2.Nf3 d6 3.d4 cxd4 4.Nxd4 Nf6 5.Nc3 a6 6.Be3 e6 7.f3 Nc6 8.g4 Be7
9.Qd2 O-O 10.O-O-O Bd7 11.h4 Ne5 12.Qg2 Qc7 13.g5 b5 14.f4  1-0

[Event "Miedzybrodzie op"]
[Site "Miedzybrodzie"]
[Date "1991.??.??"]
[Round "6"]
[White "Kislov, Mikhail"]
[Black "Malisauskas, Vidmantas"]
[Result "1/2-1/2"]
[WhiteElo "2430"]
[BlackElo "2505"]

1.e4 c5 2.Nf3 d6 3.d4 cxd4 4.Nxd4 Nf6 5.Nc3 a6 6.Be3 e5 7.Nb3 Be7 8.f3 Be6
9.Qd2 Nbd7 10.Nd5 Nxd5 11.exd5 Bf5 12.Bd3 Bxd3 13.Qxd3 O-O 14.O-O Bg5 15.c4 Bxe3+
16.Qxe3 a5 17.Nd2 f5 18.b3 Qb6 19.Qxb6 Nxb6 20.g4 g6 21.gxf5 gxf5 22.Kf2 Kf7
23.Rg1 Rg8 24.Rg3 Rxg3 25.hxg3 a4 26.Rb1 axb3 27.Rxb3 Rxa2 28.Rxb6 Rxd2+  1/2-1/2

[Event "Mondorf op"]
[Site "Mondorf"]
[Date "1991.??.??"]
[Round "1"]
[White "Beulen, Marcel"]
[Black "Van der Wiel, John TH"]
[Result "1/2-1/2"]
[WhiteElo "2240"]
[BlackElo "2530"]

1.e4 c5 2.Nf3 d6 3.d4 cxd4 4.Nxd4 Nf6 5.Nc3 a6 6.Be3 e5 7.Nf3 Qc7 8.a4 Be7
9.Be2 b6 10.O-O O-O 11.Re1 Be6 12.Nd2 Nbd7 13.Nf1 Rfc8 14.Bg5 h6 15.Bxf6 Nxf6
16.Ne3 Qc5 17.Bd3 Qb4 18.Rb1 Bd8 19.Qe2 Rxc3 20.bxc3 Qxa4 21.f3 a5 22.Bb5 Qa3
23.c4 Qc5  1/2-1/2

[Event "FRA-ch Acc"]
[Site "Montpellier"]
[Date "1991.??.??"]
[Round "5"]
[White "Guadalpi, David"]
[Black "Moulain, Jean Pierre"]
[Result "1-0"]
[WhiteElo "2295"]
[BlackElo "2225"]

1.e4 c5 2.Nf3 d6 3.d4 cxd4 4.Nxd4 Nf6 5.Nc3 a6 6.Be3 e6 7.Qd2 Qc7 8.f3 Nc6
9.O-O-O Be7 10.g4 Ne5 11.g5 Nfd7 12.f4 Nc4 13.Bxc4 Qxc4 14.Rhe1 O-O 15.f5 Ne5
16.Rg1 Re8 17.Kb1 b5 18.Nce2 Bf8 19.Nf4 Bb7 20.g6 hxg6 21.fxg6 Bxe4 22.gxf7+ Kxf7
23.Qf2 Kg8 24.Nh5 Ng6 25.Rg4 Bf5 26.Nxf5 Qc8 27.Nh6+ Kh7 28.Qf7  1-0

[Event "Moscow7 op"]
[Site "Moscow"]
[Date "1991.??.??"]
[Round "?"]
[White "Glek, Igor V"]
[Black "Tataev, Manach"]
[Result "1-0"]
[WhiteElo "2530"]
[BlackElo "2320"]

1.e4 c5 2.Nf3 d6 3.d4 cxd4 4.Nxd4 Nf6 5.Nc3 a6 6.Be3 Nbd7 7.g4 d5 8.Nb3 Nxe4
9.Nxd5 Nd6 10.Qe2 e6 11.Bf4 Nb6 12.Nxb6 Qxb6 13.O-O-O Bd7 14.Bg2 Bc6 15.Bxc6+ Qxc6
16.Nd4 Qc8 17.Rhe1 Nc4 18.Bg5 Bd6 19.Nf5 Qc6 20.Qxc4  1-0

[Event "New York op"]
[Site "New York"]
[Date "1991.??.??"]
[Round "?"]
[White "Moulin, Pierre"]
[Black "Colias, Billy"]
[Result "1-0"]
[WhiteElo "2290"]
[BlackElo "2265"]

1.e4 c5 2.Nf3 d6 3.d4 cxd4 4.Nxd4 Nf6 5.Nc3 a6 6.Be3 e5 7.Nf3 h6 8.Bc4 Be6
9.Qe2 Qc7 10.Bb3 Be7 11.O-O g5 12.a4 Nbd7 13.a5  1-0

[Event "New York op"]
[Site "New York"]
[Date "1991.??.??"]
[Round "3"]
[White "Sherzer, Alex"]
[Black "Blumenfeld, Rudy"]
[Result "1-0"]
[WhiteElo "2435"]
[BlackElo "2380"]

1.e4 c5 2.Nf3 d6 3.d4 cxd4 4.Nxd4 Nf6 5.Nc3 a6 6.Be3 e5 7.Nf3 Qc7 8.a4 b6
9.Be2 Bb7 10.Nd5 Bxd5 11.exd5 Qb7 12.c4 a5 13.Qb3 Nbd7 14.c5 dxc5 15.Bb5 Qc7
16.Ng5 c4 17.Bxc4 Bd6 18.O-O h6 19.Nf3 O-O 20.Nh4 e4 21.h3 Nc5 22.Qb5 Rfd8
23.Rfd1 Rab8 24.Rac1 Bf8 25.g3 Qd7 26.Qxd7 Rxd7 27.Nf5 Rbd8 28.d6 g6 29.Nxh6+ Bxh6
30.Bxh6 Rxd6 31.Rxd6 Rxd6 32.Bf4 Rd7 33.Bb5 Rd5 34.Bc4 Rd7 35.Be5 Nd5 36.Bb5 Rd8
37.Rd1 Nd3 38.Bxd3 exd3 39.Rxd3 Rd7 40.h4 f6 41.Bf4 Kf7 42.Be3 Ke6 43.Rb3 Rb7
44.Bd4 Kd6 45.Kg2 Kc6 46.Rf3 Rf7 47.g4 Kd6 48.g5 f5 49.h5 f4 50.h6 Ke6 51.Bg7  1-0

[Event "New York op"]
[Site "New York"]
[Date "1991.??.??"]
[Round "5"]
[White "Moulin, Pierre"]
[Black "Olafsson, Helgi"]
[Result "1/2-1/2"]
[WhiteElo "2290"]
[BlackElo "2590"]

1.e4 c5 2.Nf3 d6 3.d4 cxd4 4.Nxd4 Nf6 5.Nc3 a6 6.Be3 e6 7.f3 b5 8.Qd2 Nbd7
9.g4 h6 10.O-O-O Bb7 11.Bd3 Ne5 12.Rhe1 b4 13.Nce2 d5 14.exd5 Nxd5 15.Nf4 Qd7
16.Ndxe6 fxe6 17.Nxe6 Qxe6 18.Bd4 Bd6 19.Bf5 Qe7 20.Bxe5 Bxe5 21.Rxe5 Qxe5
22.Re1 Qxe1+ 23.Qxe1+ Kf8 24.Bg6 Ne7 25.Qxb4 Bd5 26.f4 Bf7 27.Be4 Re8 28.f5 Kg8
29.Qa4 Kh7 30.f6+ Ng6 31.h4 Kg8 32.Bxg6 Bxg6 33.h5 Bf7 34.fxg7 Rh7 35.Qxa6 Rxg7
36.Qxh6 Rxg4 37.b3 Rc8 38.Qa6  1/2-1/2

[Event "Oberwart op"]
[Site "Oberwart"]
[Date "1991.??.??"]
[Round "?"]
[White "Mainka, Romuald"]
[Black "Timoshchenko, Gennadi A"]
[Result "1-0"]
[WhiteElo "2445"]
[BlackElo "2505"]

1.e4 c5 2.Nf3 d6 3.d4 cxd4 4.Nxd4 Nf6 5.Nc3 a6 6.Be3 e5 7.Nf3 Qc7 8.a4 Be7
9.a5 O-O 10.Be2 Be6 11.Nd5 Nxd5 12.exd5 Bg4 13.O-O Bxf3 14.Bxf3 f5 15.Be2 e4
16.c4 Nd7 17.Bd4 Bf6 18.Re1 Ne5 19.Bc3 Rac8 20.Rc1 Qf7 21.b4 Bg5 22.Bxe5 Bxc1
23.Bxd6 Rfd8 24.Be5 Bg5 25.Qd4 Bf6 26.Bxf6 Qxf6 27.Qxf6 gxf6 28.c5 Re8 29.d6 Re5
30.Bc4+ Kf8 31.f4 exf3 32.Rxe5 fxe5 33.Bd5 Rb8 34.Bxb7 Rxb7 35.c6 Rxb4 36.c7  1-0

[Event "Oberwart op"]
[Site "Oberwart"]
[Date "1991.??.??"]
[Round "?"]
[White "Zakic, Srdjan"]
[Black "Moiseev, Viktor"]
[Result "0-1"]
[WhiteElo "2345"]
[BlackElo "2480"]

1.e4 c5 2.Nf3 d6 3.d4 cxd4 4.Nxd4 Nf6 5.Nc3 a6 6.Be3 e5 7.Nf3 Qc7 8.a4 Be7
9.a5 Be6 10.Nd5 Nxd5 11.exd5 Bg4 12.Bb6 Bxf3 13.Qxf3 Qxc2 14.Bd3 Qb3 15.O-O Nd7
16.Ra3 Qxb2 17.Bf5 Nxb6 18.Rb3 Qd4 19.Rxb6 O-O 20.Rxb7 Bd8 21.Rd7 Qc5 22.h4 g6
23.Qg3 Ra7 24.Rxa7 Qxa7 25.h5 Kg7 26.Rd1 Bxa5 27.Rd3 Qc5 28.Qg4 Bb6 29.h6+ Kxh6
30.Qh4+ Kg7 31.Bd7 a5 32.Rf3 Qc1+ 33.Kh2 Qh6 34.Qxh6+ Kxh6 35.Kg1 Bc5 36.Rb3 Ra8
37.Bc6 Ra7 38.Rh3+ Kg7 39.Rh4 Bd4 40.Kf1 a4  0-1

[Event "Palma de Mallorca op"]
[Site "Palma de Mallorca"]
[Date "1991.??.??"]
[Round "?"]
[White "De la Villa Garcia, Jesus Maria"]
[Black "Renet, Olivier"]
[Result "1-0"]
[WhiteElo "2475"]
[BlackElo "2470"]

1.e4 c5 2.Nf3 d6 3.d4 cxd4 4.Nxd4 Nf6 5.Nc3 a6 6.Be3 e5 7.Nf3 Qc7 8.a4 Be7
9.a5 O-O 10.Be2 Nbd7 11.O-O b5 12.axb6 Nxb6 13.Nd2 Bb7 14.Bxb6 Qxb6 15.Nc4 Qc7
16.Ne3 Rab8 17.Bxa6 Nxe4 18.Ncd5 Bxd5 19.Nxd5 Qd7 20.Bc4 Nf6 21.b3 Nxd5 22.Qxd5 Qb7
23.Rfb1 g6 24.Qxb7 Rxb7 25.Bd5 Rd7 26.b4 Rb8 27.c4 Bd8 28.Bc6 Rc7 29.b5 Kf8
30.Ra6 Rcc8 31.Rd1 Ke7 32.Ra7+ Rc7 33.Rda1 Kf6 34.Bd5 Re7 35.Rxe7 Bxe7 36.Ra7 h5
37.h4 Rf8 38.Rd7 Rd8 39.Rc7 Rf8 40.b6 Bd8 41.Rc8  1-0

[Event "URS-ch Club Pavlodar"]
[Site "Pavlodar"]
[Date "1991.??.??"]
[Round "?"]
[White "Isupov, Vladimir"]
[Black "Vaulin, Alexander"]
[Result "0-1"]
[WhiteElo "2235"]
[BlackElo "2510"]

1.e4 c5 2.Nf3 d6 3.d4 cxd4 4.Nxd4 Nf6 5.Nc3 a6 6.Be3 e5 7.Nf3 Be7 8.Bc4 O-O
9.O-O Qc7 10.Bb3 Be6 11.Qe2 Re8 12.Bg5 Nbd7 13.Rfd1 Rac8 14.Rac1 Bc4 15.Bxc4 Qxc4
16.Qxc4 Rxc4 17.Nd2 Rcc8 18.f3 b5 19.Bxf6 Nxf6 20.Nf1 Rc6 21.Ne3 Rec8 22.a3 g6
23.Kf1 Bf8 24.Ke2 Bh6 25.g3 Kf8 26.Rd3 Nd7 27.Rcd1 Bxe3 28.Kxe3 Nb6 29.Kd2 Na4
30.Nxa4 Rxc2+ 31.Ke3 bxa4 32.Rxd6 Rxb2 33.Rd8+ Rxd8 34.Rxd8+ Ke7 35.Ra8 Rb3+
36.Kf2 Rxa3 37.Rxa6 Ra2+ 38.Ke3 a3 39.h4 Ra1 40.Kf2 f5 41.Kg2 fxe4 42.fxe4 a2
43.Kh2 Kd7  0-1

[Event "Philadelphia World op"]
[Site "Philadelphia"]
[Date "1991.??.??"]
[Round "7"]
[White "Sherzer, Alex"]
[Black "Olafsson, Helgi"]
[Result "1-0"]
[WhiteElo "2460"]
[BlackElo "2525"]

1.e4 c5 2.Nf3 d6 3.d4 cxd4 4.Nxd4 Nf6 5.Nc3 a6 6.Be3 e6 7.a4 Nc6 8.Be2 Be7
9.O-O O-O 10.f4 Qc7 11.Kh1 Rd8 12.Qe1 Bd7 13.Qg3 Bf8 14.Rad1 Rac8 15.Nf3 Nb4
16.Bd4 Ne8 17.Ng5 h6 18.Bh5 hxg5 19.fxg5 g6 20.Bxg6 fxg6 21.Rxf8+ Kxf8 22.Qf3+ Kg8
23.Rf1 Nf6 24.Qxf6 e5 25.Qxg6+  1-0

[Event "Prague Viktoria"]
[Site "Prague"]
[Date "1991.??.??"]
[Round "7"]
[White "Joecks, Christian"]
[Black "Belaska, Premysl"]
[Result "1-0"]
[WhiteElo "2355"]
[BlackElo "2320"]

1.e4 c5 2.Nf3 d6 3.d4 cxd4 4.Nxd4 Nf6 5.Nc3 a6 6.Be3 e6 7.g4 e5 8.Nf5 g6
9.g5 gxf5 10.exf5 d5 11.gxf6 d4 12.Bc4 Qc7 13.Qe2 dxe3 14.O-O-O Bxf5 15.Nd5 Qc6
16.Qh5 e2 17.Qxf5 exd1=Q+ 18.Rxd1 Bd6 19.f4 Nd7 20.fxe5 Nxe5 21.Re1 Qd7 22.Rxe5+ Kd8
23.Nb6 Qxf5 24.Rxf5 Rb8 25.Bxf7 Kc7 26.Nd5+ Kd7 27.h3 Rhf8 28.Bh5 Ke6 29.Bg4 Kf7
30.c3 b5 31.b4 a5 32.bxa5 Ra8 33.Nb6 Rxa5 34.Nc4 Bf4+ 35.Kb2 Ra4 36.Nb6 Bd6
37.Nxa4 bxa4 38.c4 Rb8+ 39.Kc3 Ba3 40.c5 Bb2+ 41.Kc4 Bxf6 42.c6 Rb2 43.Bd1 Ke6
44.Rxf6+  1-0

[Event "SLO-ch"]
[Site "SLO"]
[Date "1991.??.??"]
[Round "?"]
[White "Grosar, Aljosa"]
[Black "Orel, Oskar"]
[Result "1-0"]
[WhiteElo "2470"]
[BlackElo "2320"]

1.e4 c5 2.Nf3 d6 3.d4 cxd4 4.Nxd4 Nf6 5.Nc3 a6 6.Be3 Bd7 7.f3 Nc6 8.Qd2 g6
9.Bc4 Ne5 10.Bb3 Rc8 11.Bh6 Nc4 12.Bxc4 Rxc4 13.Nb3 b5 14.O-O-O Qc7 15.Bxf8 Kxf8
16.Qh6+ Kg8 17.Rd2 b4 18.Nd1 Qd8 19.Ne3 Rc7 20.Nd5 Nxd5 21.exd5 Ba4 22.Re1 Bxb3
23.axb3 a5 24.f4 Qf8 25.Qh4 Kg7 26.g4 h6 27.Re3 Qc8 28.Rde2 Re8 29.f5 g5
30.Qf2 f6 31.Qe1 Kf7 32.h4 Qa8 33.Qh1 Rh8 34.Qe1 Qd8 35.Rh3 Qa8 36.hxg5 hxg5
37.Reh2 Rxh3 38.Qe6+ Kg7 39.Rxh3 Qc8 40.Qe2 Qg8 41.Qh2 Rc5 42.Re3 Rc7 43.Rh3  1-0

[Event "Belavenets mem op"]
[Site "Smolensk"]
[Date "1991.??.??"]
[Round "?"]
[White "Varavin, Viktor"]
[Black "Neverov, Valeriy"]
[Result "1-0"]
[WhiteElo "2455"]
[BlackElo "2540"]

1.e4 c5 2.Nf3 d6 3.d4 cxd4 4.Nxd4 Nf6 5.Nc3 a6 6.Be3 e6 7.f3 b5 8.g4 h6 9.Qd2 Nbd7
10.O-O-O Bb7 11.h4 b4 12.Nce2 d5 13.Bh3 Qa5 14.Kb1 dxe4 15.g5 exf3 16.gxf6 Nxf6
17.Ng3 Bd5 18.Nb3 Qc7 19.Bf4 Bd6 20.Bxd6 Qxd6 21.Rhg1 Qb6 22.Nd4 O-O-O 23.Qf4 Rd7
24.Nxf3 Rhd8 25.b3 Bc6 26.Rxd7 Rxd7 27.Ne2 Qf2 28.Ne5 Qxe2 29.Nxc6 Qb5 30.Nxb4 Qc5
31.Rxg7  1-0

[Event "Smolensk"]
[Site "Smolensk"]
[Date "1991.??.??"]
[Round "?"]
[White "Varavin, Viktor"]
[Black "Vaulin, Alexander"]
[Result "0-1"]
[WhiteElo "2440"]
[BlackElo "2510"]

1.e4 c5 2.Nf3 d6 3.d4 cxd4 4.Nxd4 Nf6 5.Nc3 a6 6.Be3 e5 7.Nf3 Be7 8.Bc4 O-O
9.O-O Qc7 10.Bb3 Be6 11.Qe2 Re8 12.Ng5 Bf8 13.Nxe6 fxe6 14.Qf3 Nc6 15.Qh3 Qf7
16.f4 exf4 17.Bxf4 Na5 18.e5 Nxb3 19.axb3 dxe5 20.Bxe5 Qg6 21.Ra4 Qxc2 22.Qg3 Bc5+
23.Kh1 Rf8 24.Qh3 Ng4 25.Raf4 Rxf4 26.Bxf4 Nf2+  0-1

[Event "Tel Aviv-B"]
[Site "Tel Aviv"]
[Date "1991.??.??"]
[Round "5"]
[White "Sindik, Ervin"]
[Black "Har Zvi, Ronen"]
[Result "0-1"]
[WhiteElo "2365"]
[BlackElo "2240"]

1.e4 c5 2.Nf3 d6 3.d4 cxd4 4.Nxd4 Nf6 5.Nc3 a6 6.Be3 e6 7.f4 b5 8.Qf3 Bb7
9.Bd3 h5 10.a3 Nbd7 11.O-O-O Be7 12.Rhe1 Rc8 13.Bd2 Nb6 14.Qh3 Ng4 15.Re2 Nc4
16.Be1 Qb6 17.Bxc4 Rxc4 18.Nb3 a5 19.Qg3 b4 20.axb4 axb4 21.Na2 Bxe4 22.h3 Bxc2
23.Rxc2 Rxc2+ 24.Kb1 Bf6 25.Kxc2 Ne3+ 26.Kb1 Nxd1 27.Qf3 Nxb2 28.Qa8+ Ke7
29.Qxh8 Qe3 30.Qa8 Qd3+  0-1

[Event "Torcy op-B"]
[Site "Torcy"]
[Date "1991.??.??"]
[Round "?"]
[White "Gorka, Christiane"]
[Black "Vuillerme, F."]
[Result "1-0"]
[WhiteElo "1990"]
[BlackElo "2040"]

1.e4 c5 2.Nf3 d6 3.d4 cxd4 4.Nxd4 Nf6 5.Nc3 a6 6.Be3 e5 7.Nb3 Be7 8.f3 O-O
9.Qd2 Be6 10.g4 Nbd7 11.g5 Nh5 12.Rg1 Nb6 13.Nd5 Nxd5 14.exd5 Bf5 15.c4 Qd7
16.Rc1 Rfc8 17.Bd3 Re8 18.Be4 Bxe4 19.fxe4 Bd8 20.c5 Rc8 21.cxd6 Rxc1+ 22.Qxc1 Qh3
23.Qd2 Qh4+ 24.Kd1 Qxe4 25.d7 Rf8 26.Nc5 Qb1+ 27.Ke2 Nf4+ 28.Kf3 Qf5 29.Bxf4 exf4
30.Rg4 b6 31.Qd3 Qe5 32.Ne4 Qc7 33.Rh4 h6 34.Nf6+ Bxf6 35.gxf6 Qxd7 36.fxg7 Kxg7
37.Rg4+ Kh8 38.Qd4+ f6 39.d6 Qc6+ 40.Kxf4 Qc1+ 41.Kf5 Qf1+ 42.Ke6 Qe2+ 43.Re4 Re8+
44.Kf7 Qh5+ 45.Kxf6 Rg8 46.Ke7+ Kh7 47.d7 Qg6 48.Re6 Qg5+ 49.Kd6 Rg7 50.Qe4+  1-0

[Event "Torcy op"]
[Site "Torcy"]
[Date "1991.??.??"]
[Round "?"]
[White "Gouret, Thierry"]
[Black "Frank, Albert"]
[Result "1-0"]
[WhiteElo "2205"]
[BlackElo "2050"]

1.e4 c5 2.Nf3 d6 3.d4 cxd4 4.Nxd4 Nf6 5.Nc3 a6 6.Be3 e5 7.Nb3 Be6 8.Be2 Qc7
9.g4 h6 10.h4 Nbd7 11.Rg1 Qc6 12.Bf3 Nb6 13.g5 hxg5 14.hxg5 Nfd7 15.Na5 Qc7
16.Qd2 Nc4 17.Nxc4 Qxc4 18.O-O-O g6 19.Be2 Qc6 20.Nd5 Bxd5 21.exd5 Qc7 22.Rg4 b5
23.Kb1 Bg7 24.c4 f5 25.gxf6 Nxf6 26.Rxg6 bxc4 27.Rdg1 Rh7 28.Rxf6 c3 29.Qxc3 Qxc3
30.bxc3 Rb8+ 31.Kc2 Ke7 32.Re6+  1-0

[Event "Vienna op"]
[Site "Vienna"]
[Date "1991.??.??"]
[Round "2"]
[White "Mainka, Romuald"]
[Black "Bachler, Reinhardt"]
[Result "1-0"]
[WhiteElo "2445"]
[BlackElo "2255"]

1.e4 c5 2.Nf3 d6 3.d4 cxd4 4.Nxd4 Nf6 5.Nc3 a6 6.Be3 Ng4 7.Bg5 Qb6 8.Nd5 Qd8
9.Bc4 h6 10.Bh4 g5 11.Bg3 h5 12.h3 Ne5 13.Bb3 e6 14.Nc3 h4 15.Bh2 Nbc6 16.Nxc6 bxc6
17.Qd2 Qa5 18.O-O-O Be7 19.Kb1 Ra7 20.f4 gxf4 21.Bxf4 Rg8 22.Rhf1 Rg6 23.Qf2  1-0

[Event "Vienna op"]
[Site "Vienna"]
[Date "1991.??.??"]
[Round "3"]
[White "Degerman, Lars"]
[Black "Pigusov, Evgeny"]
[Result "0-1"]
[WhiteElo "2415"]
[BlackElo "2540"]

1.e4 c5 2.Nf3 d6 3.d4 cxd4 4.Nxd4 Nf6 5.Nc3 a6 6.Be3 e5 7.Nb3 Be6 8.Qd2 Nbd7
9.f4 Qc7 10.Be2 Rc8 11.O-O Be7 12.a4 O-O 13.Kh1 Nb6 14.a5 Nc4 15.Bxc4 Qxc4
16.Qe1 d5 17.Nd2 Qc6 18.fxe5 Nxe4 19.Ncxe4 dxe4 20.c3 Bd5 21.Rf4 Qe6 22.Nxe4 Qxe5
23.Qg3 f6 24.Bd4 Qc7 25.Raf1 Bxe4 26.Rxe4 Qxg3 27.hxg3 Kf7 28.g4 h6 29.Kg1 Rfd8
30.Rfe1 Rd7 31.b4 Rc4 32.Rb1 Bd6 33.Kf2 Be5 34.Ke3 Bxd4+ 35.cxd4 Rc3+ 36.Ke2 Rc2+
37.Kf3 Rd5 38.Rb3 Rc4 39.Ke3 Rb5 40.d5 Rxe4+ 41.Kxe4 Ke7 42.Rd3 Rxb4+ 43.Rd4 Rb5
44.d6+ Kd7 45.Rd5 Ke6 46.Rd4 Re5+  0-1

[Event "Vienna op"]
[Site "Vienna"]
[Date "1991.??.??"]
[Round "4"]
[White "Tolnai, Tibor"]
[Black "Nagel, Herbert"]
[Result "1-0"]
[WhiteElo "2480"]
[BlackElo "2290"]

1.e4 c5 2.Nf3 d6 3.d4 cxd4 4.Nxd4 Nf6 5.Nc3 a6 6.Be3 Nbd7 7.f3 d5 8.Nxd5 Nxd5
9.exd5 Qa5+ 10.Qd2 Qxd5 11.c4 Qh5 12.g4 Qh4+ 13.Bf2 Qf6 14.O-O-O e5 15.Nf5 h5
16.Bh4 Qg6 17.Bh3 hxg4 18.Bxg4 Qb6 19.Rhe1 f6 20.Nxg7+ Bxg7 21.Bxd7+ Kf8
22.Bf2 Qc7 23.Qb4+ Kf7 24.Bb6 Qxd7 25.Rxd7+ Bxd7 26.Qd6 Bh6+ 27.Kb1 Bc6 28.Qc7+ Ke6
29.Rd1 Bf8 30.f4 Rxh2 31.fxe5 fxe5 32.Rf1 Be7 33.Bc5 Re8 34.Bxe7 Rxe7 35.Qc8+ Kd6
36.b4 Be4+ 37.Ka1 Rh1 38.c5+ Kd5 39.Qd8+ Ke6 40.Qd6+  1-0

[Event "Vienna op"]
[Site "Vienna"]
[Date "1991.??.??"]
[Round "4"]
[White "Hamberger, Hermann"]
[Black "Kure, Alexander"]
[Result "0-1"]
[WhiteElo "2260"]
[BlackElo "2245"]

1.e4 c5 2.Nf3 d6 3.d4 cxd4 4.Nxd4 Nf6 5.Nc3 a6 6.Be3 e6 7.f3 Be7 8.Qd2 Nc6
9.g4 O-O 10.O-O-O Nxd4 11.Bxd4 Nd7 12.h4 b5 13.g5 b4 14.Ne2 a5 15.Be3 Ne5
16.Nd4 Bb7 17.Kb1 b3 18.axb3 a4 19.bxa4 Rxa4 20.Bb5 Ra5 21.Qe2 Qa8 22.Nb3 Ra2
23.Bd4 Nxf3 24.Qxf3 Bxe4 25.Qf1 Bg2 26.Qe1 Rb8 27.Bc4 Rxb3 28.cxb3 Ra1+ 29.Kc2 Rxd1
30.Qxd1 Bxh1 31.Qg4 Qe4+ 32.Qxe4 Bxe4+ 33.Kc3 e5 34.Bb6 d5 35.Ba6 d4+ 36.Kc4 Bg2
37.Bc8 Bf1+ 38.Kd5 f6 39.Ke6 Bb4 40.gxf6 Bh3+ 41.Kxe5 gxf6+ 42.Kxf6 Bxc8
43.Bxd4 Be1 44.Kg5 Be6 45.b4 Bxb4 46.Kf6 Bb3 47.Be3 Bf8 48.Bc1 Bg7+ 49.Ke7 Be5
50.Kd7 Kf7 51.Kc6 Kg6 52.Kb5 Bd6 53.Bg5 Bf8 54.Bd8 Kf5 55.Bg5 Ke4 56.Bf6 Kd3
57.Ka5 Kc2 58.Kb5 Bh6 59.Kb4 Be3 60.Be5 h5 61.Bg7 Bf4 62.Bf6 Bg3 63.Kb5 Be1
64.Kc5 Bd2  0-1

[Event "Vienna op"]
[Site "Vienna"]
[Date "1991.??.??"]
[Round "5"]
[White "Lanka, Zigurds"]
[Black "Jukic, Mirko"]
[Result "1-0"]
[WhiteElo "2505"]
[BlackElo "2455"]

1.e4 c5 2.Nf3 d6 3.d4 cxd4 4.Nxd4 Nf6 5.Nc3 a6 6.Be3 e6 7.Be2 Qc7 8.g4 h6
9.Qd2 b5 10.a3 Bb7 11.f3 Nc6 12.O-O-O O-O-O 13.Kb1 d5 14.e5 Nd7 15.Bxb5 Ncxe5
16.Be2 Nc4 17.Bxc4 Qxc4 18.Nb3 Qc7 19.Bf4 Ne5 20.Bxe5 Qxe5 21.Na4 Qc7 22.Qd4 Bd6
23.Rd3 Be5 24.Qa7 Rd6 25.Re1 Rc6 26.f4 Qb8 27.Qf2 Bc7 28.Nbc5 Qa7 29.Qd4 Rd8
30.Nxe6 Qxd4 31.Nxd4 Rf6 32.Rc3 Kb8 33.Rb3 Bd6 34.Nc6+  1-0

[Event "Vienna op"]
[Site "Vienna"]
[Date "1991.??.??"]
[Round "6"]
[White "Szalanczy, Emil"]
[Black "Nagl, Franz"]
[Result "1-0"]
[WhiteElo "2410"]
[BlackElo "2235"]

1.e4 c5 2.Nf3 d6 3.d4 cxd4 4.Nxd4 Nf6 5.Nc3 a6 6.Be3 e5 7.Nb3 Be6 8.Qd2 Nbd7
9.O-O-O Qc7 10.f3 Rc8 11.Kb1 Be7 12.g4 Nb6 13.h4 Nc4 14.Bxc4 Bxc4 15.h5 h6
16.g5 hxg5 17.Bxg5 Rxh5 18.Rxh5 Nxh5 19.Bxe7 Qxe7 20.Na5 b5 21.Qxd6 Qxd6
22.Rxd6 Bf1 23.a3 Ng3 24.Nb7 Ne2 25.Nxe2 Bxe2 26.Rd2 Bxf3 27.Nd6+ Kd7 28.Nxc8+ Kxc8
29.Rf2 Bxe4 30.Rxf7 Bb7 31.Rxg7 Kb8 32.Kc1 Ka7 33.Re7 e4 34.Kd2 Kb6 35.Ke3 a5
36.b3  1-0

[Event "Zalakaros op"]
[Site "Zalakaros"]
[Date "1991.??.??"]
[Round "4"]
[White "Fogarasi, Tibor"]
[Black "Badea, Bela"]
[Result "1/2-1/2"]
[WhiteElo "2410"]
[BlackElo "2455"]

1.e4 c5 2.Nf3 d6 3.d4 cxd4 4.Nxd4 Nf6 5.Nc3 a6 6.Be3 e6 7.Qd2 b5 8.f3 Nbd7
9.g4 h6 10.O-O-O Bb7 11.h4 Ne5  1/2-1/2

[Event "Zuerich op"]
[Site "Zuerich"]
[Date "1991.??.??"]
[Round "5"]
[White "Plachetka, Jan"]
[Black "Nemet, Ivan"]
[Result "1-0"]
[WhiteElo "2425"]
[BlackElo "2450"]

1.e4 c5 2.Nf3 d6 3.d4 cxd4 4.Nxd4 Nf6 5.Nc3 a6 6.Be3 e6 7.Be2 Be7 8.O-O O-O
9.f4 Qc7 10.a4 Nc6 11.Nb3 Bd7 12.a5 Rac8 13.Bf3 Nb4 14.Rf2 Bc6 15.Rd2 d5
16.e5 Ne4 17.Bxe4 dxe4 18.Bb6 Qb8 19.Qe2 Nd5 20.Nxd5 Bxd5 21.Nd4 f6 22.Qg4 f5
23.Qh3 Kh8 24.c3 g5 25.Qh6 e3 26.Nxe6 Bxe6 27.Qxe6 exd2 28.Qxe7 Rce8 29.Qxg5 Re6
30.Rd1 Qe8 31.Rxd2 h6 32.Qh4 Qc6 33.Bd8 Rg6 34.Bf6+ Kh7 35.Qh5 Qc5+ 36.Kh1 Qb5
37.Qd1 Rf7 38.h3 Rg8 39.Qb1 Rg6 40.Qxf5 Qf1+ 41.Kh2 Qe1 42.Rd3  1-0

[Event "AUT-chT"]
[Site "AUT"]
[Date "1992.??.??"]
[Round "?"]
[White "Watzka, Horst"]
[Black "Schumi, Manfred"]
[Result "1/2-1/2"]
[WhiteElo "2325"]
[BlackElo "2245"]

1.e4 c5 2.Nf3 d6 3.d4 cxd4 4.Nxd4 Nf6 5.Nc3 a6 6.Be3 e5 7.Nf3 Qc7 8.a4 h6
9.a5 Be7 10.Ra4 Be6 11.Nd5 Bxd5 12.exd5 Nbd7 13.c4 Ng4 14.Bc1 Nc5 15.h3 e4
16.hxg4 exf3 17.Ra2 fxg2 18.Bxg2 Nd7 19.b3 O-O-O 20.Kf1  1/2-1/2

[Event "AUT-chT"]
[Site "AUT"]
[Date "1992.??.??"]
[Round "?"]
[White "Wallner, Alfred"]
[Black "Hoelzl, Franz"]
[Result "0-1"]
[WhiteElo "2230"]
[BlackElo "2385"]

1.e4 c5 2.Nf3 d6 3.d4 cxd4 4.Nxd4 Nf6 5.Nc3 a6 6.Be3 e6 7.Be2 Nbd7 8.O-O b5
9.a4 b4 10.Nc6 Qc7 11.Nxb4 d5 12.Nba2 dxe4 13.Nc1 Bd6 14.h3 O-O 15.a5 Bb7
16.Nb3 Nd5 17.Nxd5 Bxd5 18.c4 Bb7 19.Qd2 Rad8 20.Qc2 f5 21.Rfc1 Bh2+ 22.Kh1 Bf4
23.Bxf4 Qxf4 24.Rf1 Ne5 25.Nc5 Bc8 26.Rad1 Nc6 27.Qc3 e5 28.Rd5 Ne7 29.Rxe5 Rfe8
30.Bh5 g6 31.Bd1 Kf7 32.Ba4 Rg8 33.b4 Qd2 34.Qxd2 Rxd2 35.b5 Kf6 36.Rxe7 Kxe7
37.b6 Ra2 38.Bc6 Kd6 39.Bd5 Kxc5 40.Bxg8  0-1

[Event "AUT-chT"]
[Site "AUT"]
[Date "1992.??.??"]
[Round "?"]
[White "Wallner, Alfred"]
[Black "Beck, Gerald"]
[Result "1-0"]
[WhiteElo "2230"]
[BlackElo "2260"]

1.e4 c5 2.Nf3 d6 3.d4 cxd4 4.Nxd4 Nf6 5.Nc3 a6 6.Be3 e6 7.Qd2 Be7 8.f3 Nc6
9.O-O-O O-O 10.g4 Nxd4 11.Bxd4 b5 12.Kb1 b4 13.Ne2 a5 14.Bxf6 gxf6 15.Nd4 Qc7
16.Bd3 Qc5 17.e5 Qxe5 18.Nc6  1-0

[Event "AUT-chT"]
[Site "AUT"]
[Date "1992.??.??"]
[Round "?"]
[White "Schlosser, Michael"]
[Black "Hoelzl, Franz"]
[Result "1-0"]
[WhiteElo "2380"]
[BlackElo "2385"]

1.e4 c5 2.Nf3 d6 3.d4 cxd4 4.Nxd4 Nf6 5.Nc3 a6 6.Be3 e5 7.Nf3 Be7 8.Bc4 Be6
9.Bxe6 fxe6 10.Ng5 Qd7 11.Qf3 h6 12.Qh3 Nc6 13.Na4 Bd8 14.O-O-O Nd4 15.Bxd4 exd4
16.Qxe6+ Qe7 17.Qxe7+ Kxe7 18.Nf3 b5 19.Nxd4 bxa4 20.Nf5+ Kf8 21.Nxd6 a3
22.b3 Ng4 23.h3 Nxf2 24.Rhf1 Bg5+ 25.Kb1 Be3 26.Rde1 Bc5 27.e5 Ke7 28.Nf5+ Ke6
29.Nxg7+ Kd5 30.e6 Rhg8 31.Nh5 Kd6 32.e7 Rge8 33.Ng7 Kd7 34.Nxe8 Ra7 35.Re5 Bb6
36.Rfe1 Bc7 37.Rd5+ Kc8 38.Rf5 Bg3 39.Rf3  1-0

[Event "AUT-chT"]
[Site "AUT"]
[Date "1992.??.??"]
[Round "?"]
[White "Schlosser, Michael"]
[Black "Beck, Gerald"]
[Result "1-0"]
[WhiteElo "2380"]
[BlackElo "2260"]

1.e4 c5 2.Nf3 d6 3.d4 cxd4 4.Nxd4 Nf6 5.Nc3 a6 6.Be3 e6 7.f3 Be7 8.Qd2 O-O
9.g4 Nc6 10.O-O-O Nxd4 11.Bxd4 b5 12.h4 Nd7 13.Qg2 Bb7 14.g5 b4 15.Ne2 a5
16.Kb1 a4 17.Nc1 d5 18.exd5 Bxd5 19.Bd3 Qc7 20.h5 Qf4 21.Bxh7+ Kxh7 22.g6+ Kg8
23.h6 gxh6 24.Rdg1 Bg5 25.Qxg5 Qxg5 26.Rxg5 f6 27.Rxh6 e5 28.Rgh5 Rfd8 29.Be3 Bxf3
30.Rh4 Kg7 31.Rxb4 f5 32.Bg5 Rdc8 33.Bd2 Nf6 34.Rh3 Be4 35.Nd3 f4 36.Bc3 Ra5
37.Bxe5 Rxe5 38.Nxe5 Bxc2+ 39.Kc1 Nd5 40.Rc4 Rxc4 41.Nxc4 Bxg6 42.Ra3 Be8
43.Rd3 Nb4 44.Rd4 f3 45.Nd2 Nxa2+ 46.Kb1  1-0